000 00402nam a2200181Ia 4500
001 3153
005 20260306144859.0
008 260306t2000||||xx |||||||||||||| ||spa||
041 _aESP
082 _a261.4
_bW42
100 _aWeil, Simone
_eAUT
245 0 _aWaiting for God
260 _c2000
300 _a220 páginas :
_c20 cm.
650 _aGEN
654 _aCHU
942 _cLIB
_dJUS
_fJUS
_2ddc
_n
999 _c3153
_d3153